|
|
|
|
| LEADER |
00000nam0a2200000 4500 |
| 001 |
100215 |
| 005 |
20231031112044.0 |
| 010 |
|
|
|a 5265015574
|
| 020 |
|
|
|a RU
|b 89-69559
|
| 035 |
|
|
|a (RuTPU)RU\TPU\book\107798
|
| 035 |
|
|
|a RU\TPU\book\107795
|
| 090 |
|
|
|a 100215
|
| 100 |
|
|
|a 20060817d1990 m a0rusy5003 ca
|
| 101 |
0 |
|
|a rus
|
| 102 |
|
|
|a RU
|
| 105 |
|
|
|a c z 000ay
|
| 200 |
0 |
|
|a Т. 2
|
| 210 |
|
|
|d 1990
|
| 215 |
|
|
|d 22 см
|e (портр.)
|a 464 с.
|
| 300 |
|
|
|a Репринт. воспроизведение с Собр. соч. А. И. Солженицына (Вермонт; Париж, т. 5-7) с последними поправками авт., сделанными специально для данного изд.
|
| 461 |
|
|
|t Архипелаг ГУЛАГ, 1918-1956
|o Опыт художественного исследования
|v Т. 2
|f А. И. Солженицын
|d 1990
|s Библиотека журнала "Новый мир"
|
| 610 |
1 |
|
|a культ личности Сталина
|
| 610 |
0 |
|
|a репрессии
|
| 610 |
1 |
|
|a исправительно-трудовые учреждения
|
| 675 |
|
|
|a Р1
|z rus
|v 3
|
| 801 |
|
0 |
|a RU
|b RuMRKP
|c 19950417
|g psbo
|
| 801 |
|
1 |
|a RU
|b 63413507
|c 20060817
|g PSBO
|
| 801 |
|
2 |
|a RU
|b 63413507
|c 20060817
|g PSBO
|
| 942 |
|
|
|c BK
|